000 00351nam a2200133Ia 4500
008 231129s9999||||xx |||||||||||||| ||spa||
020 _a84-7530-352-8
040 _bspa
082 _aF843 F815cr
100 _aFrance Anatole seud.
245 0 _aEl crimen de un academico
264 _aOrbis
942 _2ddc
_cBKS
999 _c10709
_d10709